Aviśvāsi. (Record no. 75409)

MARC details
000 -LEADER
fixed length control field 00488cam a22002051 4500
001 - CONTROL NUMBER
control field sa 67005737
003 - CONTROL NUMBER IDENTIFIER
control field DLC
005 - DATE AND TIME OF LATEST TRANSACTION
control field 20260227112400.0
008 - FIXED-LENGTH DATA ELEMENTS--GENERAL INFORMATION
fixed length control field 891012s1966 ii 000 0 malo
010 ## - LIBRARY OF CONGRESS CONTROL NUMBER
LC control number sa 67005737
035 ## - SYSTEM CONTROL NUMBER
System control number (OCoLC)20483542
040 ## - CATALOGING SOURCE
Original cataloging agency DLC
Transcribing agency WaU
Modifying agency DLC
042 ## - AUTHENTICATION CODE
Authentication code premarc
050 00 - LIBRARY OF CONGRESS CALL NUMBER
Classification number PL4718.9.K344
Item number A9
100 1# - MAIN ENTRY--PERSONAL NAME
Personal name Karthikeyan, Alleppey.
245 10 - TITLE STATEMENT
Title Aviśvāsi.
260 ## - PUBLICATION, DISTRIBUTION, ETC.
Place of publication, distribution, etc. [Trichur?
Date of publication, distribution, etc. 1966]
300 ## - PHYSICAL DESCRIPTION
Extent 188 p.
Dimensions 18 cm.
500 ## - GENERAL NOTE
General note In Malayalam.

No items available.

Powered by Koha